| 000 | 01457cam a2200265 4500 | ||
|---|---|---|---|
| 001 | X111945 | ||
| 008 | 000000n2001 000 0 eng u | ||
| 035 | _a(Sirsi) u111945 | ||
| 100 | _aSalmon, K. | ||
| 245 | _aEnforcement of Adjudicators' awards under the Housing Grants Construction and Regeneration Act 1996 | ||
| 260 | _c2001 | ||
| 490 |
_aArbitration _v66(1) February 2000, 46-48(3) |
||
| 520 | _aReviews a number of cases that involved the enforcement of an adjudicator's award under the Housing Grants Construction and Regeneration Act 1996. Draws some interesting conclusions from the decisions described. | ||
| 650 | _aMANAGEMENT-DISPUTE AVOIDANCE, MANAGEMENT AND RESOLUTION-DISPUTE MANAGEMENT AND RESOLUTION-ALTERNATIVE DISPUTE RESOLUTION-ADJUDICATION-ADJUDICATION AWARDS | ||
| 650 | _aHOUSING GRANTS CONSTRUCTION AND REGENERATION ACT 1996 | ||
| 650 | _aMACOB CIVIL ENGINEERING LTD V MORRISON CONSTRUCTION LTD | ||
| 650 | _aOUTWING CONSTRUCTION LTD V H RANDELL AND SONS LTD | ||
| 650 | _aRENTOKIL AILSA V EASTEND CIVIL ENGINEERING LTD | ||
| 650 | _aA STRAUME (UK) LTD V BRADLOR DEVELOPMENTS LTD | ||
| 650 | _aA & D MAINTENANCE AND CONSTRUCTION LTD V PAGEHURST CONSTRUCTION SERVICES | ||
| 650 | _aPROJECT CONSULTANCY GROUP V TRUSTEES OF THE GRAY TRUST | ||
| 650 | _aPALMERS LTD V A B B POWER CONSTRUCTION LTD | ||
| 690 | _aMANGEMENT-DISPUTE AVOIDANCE, MANAGEMENT AND RESOLUTION-DISPUTE MANAGEMENT AND RESOLUTION | ||
| 942 | _n0 | ||
| 999 |
_c66708 _d66708 |
||